000 00471pab a2200169 454500
008 180718b2012 xxu||||| |||| 00| 0 eng d
100 _aMandal, Kaushik
245 _aHospitality management education: A study based on exploratory factors analysis
260 _c2012
300 _ap.89-94.
362 _aJan
650 _aHospitality
700 _aBanerje, Chandan Kumar
773 _aSouth Asian Journal of Socio-Political Studies
908 _aN
909 _a96964
999 _c96964
_d96964